000 00717cab a2200205 4500
001 ABS41310
008 090401t1989 xxu||||| |||| 00| 0 eng d
035 _a(Sirsi) u29508
041 _aeng
100 _aGilbert, P.
245 _aSpecial report: Cambridgeshire towns
260 _c1989
350 _a0
490 _aChartered Surveyor Weekly
_v28(5) 3 August 1989, 36-37(2)
520 _aReports on office , retail and industrial development in these Cambridgeshire towns: Huntingdon , St Ives , St Neots , Alconbury, Ely, Newmarket, Royston, Haverhill and Great Chesterford.
650 _aMARKET
690 _aPROPERTY-COMMERCIAL PROPERTY-COMMERCIAL PROPERTY MARKET
942 _n0
948 _c04/03/1997
999 _c19869
_d19869